| 000 | 00357nam a2200133Ia 4500 | ||
|---|---|---|---|
| 005 | 20260328101518.0 | ||
| 008 | 260328s9999||||xx |||||||||||||| ||und|| | ||
| 100 | _aRoyte, Elizabeth | ||
| 245 | 0 |
_aGarbage land : _b On the secret trail of trash / _cElizabeth Royte |
|
| 260 | _bBack Bay Books | ||
| 300 | _a311 p. | ||
| 650 | _aDISEÑO INDUSTRIAL | ||
| 942 | _cBK | ||
| 999 |
_c9477 _d9477 |
||